Britains economic problem (Record no. 9747)

000 -CABECERA
campo de control de longitud fija 00515nam#a2200217#c#4500
003 - IDENTIFICADOR DEL NÚMERO DE CONTROL
campo de control IEF
005 - FECHA Y HORA DE LA ÚLTIMA TRANSACCIÓN
campo de control 20180219150713.0
008 - CÓDIGOS DE INFORMACIÓN DE LONGITUD FIJA
campo de control de longitud fija 941205s1978 uuu####fr####| 0||u| |u
040 ## - FUENTE DE LA CATALOGACIÓN
Centro catalogador de origen IEF
100 1# - PUNTO DE ACCESO PRINCIPAL - NOMBRE DE PERSONA
Nombre de persona Bacon, Robert
9 (RLIN) 2968
245 ## - MENCIÓN DE TÍTULO
Título Britains economic problem
250 ## - MENCIÓN DE EDICIÓN
Mención de edición 2nd. ed.
260 ## - PUBLICACIÓN, DISTRIBUCIÓN, ETC. (PIE DE IMPRENTA)
Lugar de publicación distribución etc. [London
Nombre del editor distribuidor etc. MacMillan]
Fecha de publicación distribución etc. 1978
300 ## - DESCRIPCIÓN FÍSICA
Extensión XV, 255 p.
Dimensiones 23 cm.
500 ## - NOTA GENERAL
Nota general Indices
650 #4 - PUNTO DE ACCESO ADICIONAL DE MATERIA--TÉRMINO DE MATERIA
Término de materia o nombre geográfico como elemento inicial SITUACION ECONOMICA
9 (RLIN) 48445
650 #4 - PUNTO DE ACCESO ADICIONAL DE MATERIA--TÉRMINO DE MATERIA
Término de materia o nombre geográfico como elemento inicial REINO UNIDO
9 (RLIN) 48241
942 ## - ELEMENTOS DE PUNTO DE ACCESO ADICIONAL (KOHA)
Tipo de ítem Koha Libros
942 ## - ELEMENTOS DE PUNTO DE ACCESO ADICIONAL (KOHA)
-- 37137
Holdings
Estado de retiro Estado de pérdida Estado dañado No para préstamo Localización permanente Fecha de adquisición Signatura topográfica completa Código de barras Fecha visto por última vez Precio válido a partir de Tipo de ítem Koha
      Disponible para préstamo IEF 1994-12-05 30739 30739 2018-02-19 2018-02-19 Libros

Powered by Koha